000 00540nam a2200217Ia 4500
003 GCL
008 140319s9999 xx 000 0 eng d
040 _aGCL /
_cGCL
082 0 4 _a792.028092
_bn k
100 1 _aNAKAMURA, MATAZO
245 1 0 _aKABUKI BACKSTAGE ONSTAGE /
_cNAKAMURA, MATAZO
700 1 _aOSHIMA, MARK TRAN
260 _a[S.N] :
_bKODANSHA INTERNATIONAL
650 0 4 _aJAPAN
650 0 4 _aBIOGRAPHY
650 0 4 _aNAKAMURA
650 0 4 _aOPERA - JAPAN
650 0 4 _aMATAZO 1933
650 0 4 _aKABUKI
942 _2ddc
_cBK
999 _c19262
_d19262